| 000 | 00837cam a2200133 4500500 | ||
|---|---|---|---|
| 005 | 20260329023141.0 | ||
| 041 | _afre | ||
| 042 | _adc | ||
| 100 | 1 | 0 |
_aFerreras, Jacqueline _eauthor |
| 245 | 0 | 0 | _aLa civilisation espagnole d'aujourd'hui |
| 260 |
_bArmand Colin,
_c2010. |
||
| 520 | _aDes clés pour comprendre les caractéristiques actuelles de l’Espagne, privilégiant l’approche politique, économique et sociale. L’ouvrage met en relief les éléments qui ont présidé au passage réussi d’un régime dictatorial à un régime démocratique. Cette édition prend en compte les fractures qui traversent actuellement la société : bulle puis crise économique, autonomisme régional. | ||
| 856 | 4 | 1 | _uhttps://shs.cairn.info/la-civilisation-espagnole-d-aujourd-hui--9782200246303?lang=fr&redirect-ssocas=7080 |
| 999 |
_c1925094 _d1925094 |
||